Optimalizace obráběcího procesu /

Hlavní autor: Mádl, Jan, 1944-
Korporativní autor: České vysoké učení technické v Praze. Strojní fakulta
Další autoři: Kvasnička, Ivo, 1938-
Jazyk: Čeština
Vydáno: Praha : Vydavatelství ČVUT, 1998
Vydání: Vyd. 1.
Témata:
Fyzický popis: 168 s. ; 20 cm
Knihy
Uloženo v:
LEADER 01491nam a2200349 a 4500
001 000357254
003 CZ BrMZK
005 20200524102540.0
007 ta
008 980115s1998 xr f cze d
015 |a cnb000389654 
020 |z 80-01-01864-6 
035 |a (OCoLC)42029632 
040 |a BOA001  |b cze 
080 |a 621.9(075.8)  |2 MRF 
100 1 |a Mádl, Jan,  |d 1944-  |7 jn20001227151  |4 aut 
245 1 0 |a Optimalizace obráběcího procesu /  |c Jan Mádl, Ivo Kvasnička 
250 |a Vyd. 1. 
260 |a Praha :  |b Vydavatelství ČVUT,  |c 1998 
300 |a 168 s. ;  |c 20 cm 
500 |a Určeno stud. strojních fak. vysokých škol technických, technologům strojírenských podniků a pedagogům a žákům středních odborných škol příslušného zaměření 
504 |a Obsahuje bibliografii 
653 0 |a obráběcí nástroje  |a obrábění 
700 1 |a Kvasnička, Ivo,  |d 1938-  |7 ntka173172  |4 aut 
710 2 |a České vysoké učení technické v Praze.  |b Strojní fakulta  |7 ko20010093670 
910 |a BOA001  |b 2-1050.019  |b TK-0264.181 
920 |a 000362454 
964 |a Obrábění  |x učebnice  |x školy vysoké 
990 |a BK 
996 6 |b 2610078639  |c 2-1050.019  |l MZK  |r Sklad / do 1 hodiny  |n 20  |p p.v.  |w 000357254  |u 000010  |a 1  |e BOA001  |j MZK50  |s P 
996 7 |b 2620012776  |c TK-0264.181  |l MZK  |r Sklad / do 24 hodin  |n 23  |p kup  |w 000357254  |u 000020  |a 1  |e BOA001  |j MZK50  |s A 
996 7 |b 2620012777  |c TK-0264.181  |l MZK  |r Sklad / do 24 hodin  |n 11  |p kup  |w 000357254  |u 000030  |a 1  |e BOA001  |j MZK50  |s A